LEADER 01215nam 2200349z- 450 001 9910694101603321 005 20130604085013.0 035 $a(CKB)5860000000020665 035 $a(BIP)014168305 035 $a(EXLCZ)995860000000020665 100 $a20220406c2007uuuu -u- - 101 0 $aeng 200 10$aDepartment of Justice oversight $ehearing before the Committee on the Judiciary, United States Senate, One Hundred Ninth Congress, second session, July 18, 2006 215 $a1 online resource (iii, 353 p.) 311 $a0-16-078634-7 517 $aDepartment of Justice oversight 606 $aWar on Terrorism, 2001-2009 606 $aExecutive power$zUnited States 606 $aTerrorism$zUnited States$xPrevention 610 $aUnited States 610 $aWar on terrorism, 2001-2009 610 $aExecutive power 610 $aTerrorism 610 $aPolitical science 615 0$aWar on Terrorism, 2001-2009. 615 0$aExecutive power 615 0$aTerrorism$xPrevention. 712 02$aUnited States, Congress Senate Committee on the Judiciary Staff,$4oth 906 $aBOOK 912 $a9910694101603321 996 $aDepartment of Justice oversight$93144076 997 $aUNINA LEADER 01104nam0 22002771i 450 001 UON00028910 005 20231205102051.697 010 $a05-200-1776-5 100 $a20020107d1972 |0itac50 ba 101 $aeng 102 $aUS 105 $a|||| 1|||| 200 1 $aTagalog Reference Grammar$fby Paul Schachter and Fe T. Otanes 210 $aBerkeley$cUniversity of California Press$d1972 x$d566 p. ; 26 cm 606 $aLingua filippina$xDialetti$3UONC009507$2FI 620 $aUS$dBerkeley$3UONL000021 686 $aFIL II C$cFILIPPINE - LINGUISTICA - TESTI SPECIFICI$2A 700 1$aSCHACHTER$bPaul$3UONV019525$0644386 701 1$aOTANES$bFe T.$3UONV019526$0644387 712 $aUniversity of California Press$3UONV247423$4650 801 $aIT$bSOL$c20250613$gRICA 899 $aSIBA - SISTEMA BIBLIOTECARIO DI ATENEO$2UONSI 912 $aUON00028910 950 $aSIBA - SISTEMA BIBLIOTECARIO DI ATENEO$dSI FIL II B 004 N $eSI SA 23228 7 004 N 996 $aTagalog Reference Grammar$91187393 997 $aUNIOR